Lidská práva : jejich zdůvodnění a závaznost /

Hlavní autor: Havlíček, Aleš, 1956-2015
Další autoři: Chotaš, Jiří, 1964-
Jazyk: Čeština
Vydáno: Ústí n. Labem : Filozofická fakulta Univerzity Jana Evangelisty Purkyně v Ústí n. Labem, 2016
Vydání: Vydání první
Edice: Acta Universitatis Purkynianae Facultatis philosophicae. Studia politologica
Témata:
Fyzický popis: 210 stran ; 21 cm
Language note: Anglické resumé
Knihy
Uloženo v:
LEADER 02089nam a2200517 i 4500
001 nkc20162864958
003 CZ PrNK
005 20231024141650.0
007 ta
008 161221s2016 xr f 001 0 cze
015 |a cnb002864958 
020 |a 978-80-7561-039-3  |q (brožováno) 
035 |a (OCoLC)1000506869 
040 |a ABA001  |b cze  |d OLA001  |e rda 
041 0 |a cze  |b eng 
072 7 |a 321  |x Politologie  |2 Konspekt  |9 15 
080 |a 342.7  |2 MRF 
080 |a 32:1  |2 MRF 
080 |a (048.8:082)  |2 MRF 
100 1 |a Havlíček, Aleš,  |d 1956-2015  |7 jn20000400911  |4 aut 
245 1 0 |a Lidská práva :  |b jejich zdůvodnění a závaznost /  |c Aleš Havlíček, Jiří Chotaš a kol. 
250 |a Vydání první 
264 1 |a Ústí n. Labem :  |b Filozofická fakulta Univerzity Jana Evangelisty Purkyně v Ústí n. Labem,  |c 2016 
300 |a 210 stran ;  |c 21 cm 
336 |a text  |b txt  |2 rdacontent 
337 |a bez média  |b n  |2 rdamedia 
338 |a svazek  |b nc  |2 rdacarrier 
490 1 |a Acta Universitatis Purkynianae Facultatis philosophicae. Studia politologica ;  |v svazek č. 10 
500 |a 300 výtisků 
504 |a Obsahuje bibliografii, bibliografické odkazy a rejstřík 
546 |a Anglické resumé 
650 0 7 |a lidská práva  |7 ph122331  |x dějiny  |2 czenas 
650 0 7 |a politická filozofie  |7 ph115786  |2 czenas 
650 0 9 |a human rights  |x history  |2 eczenas 
650 0 9 |a political philosophy  |2 eczenas 
655 7 |a kolektivní monografie  |7 fd501537  |2 czenas 
655 9 |a collective monographs  |2 eczenas 
700 1 |a Chotaš, Jiří,  |d 1964-  |7 ola2003209166  |4 aut 
830 0 |a Acta Universitatis Purkynianae Facultatis philosophicae.  |p Studia politologica  |0 s 
910 2 |a BOA001  |b 2-1392.208 
928 9 |a Univerzita J.E. Purkyně v Ústí nad Labem, Filozofická fakulta 
990 |a BK 
995 |a 01 
991 |b 201707  |c NOV 
996 6 |b 2610713691  |c 2-1392.208  |l MZK  |r Sklad / do 1 hodiny  |n 0  |p p.v.  |w 001620306  |u 000010  |a 1  |e BOA001  |j MZK50  |s P 
996 7 |b 2610721789  |c 2-1392.208  |l Vol.výběr  |r VV 0p  |n 9  |p kup  |h 321 HAV  |w 001620306  |u 000020  |a 0  |e BOA001  |j MZK50  |s A